000 00613nam a2200169Ia 4500
003 GCL
008 140319s9999 xx 000 0 ara d
040 _aGCL /
_cGCL
082 0 4 _a812.04
_bم ط
100 1 _aمحمد عبدالحافظ ناصف
245 1 0 _aطلوع النهار اول الليل /
_cمحمد عبدالحافظ ناصف
260 _aالقاهرة :
_bالهيئة المصرية العامة للكتاب ،
_c1999
300 _a78 ص ؛
_c16 سم
490 _aمسابقة تيمور للابداع المسرحى
_v0
650 0 4 _aالمسرحيات العربية
942 _2ddc
_cBK
999 _c32898
_d32898